| 000 | 00469nam a22001817a 4500 | ||
|---|---|---|---|
| 999 |
_c5085 _d5083 |
||
| 005 | 20210909145917.0 | ||
| 008 | 160701b xxu||||| |||| 00| 0 eng d | ||
| 020 | _a978-93-325-1880-3 | ||
| 041 | _aeng | ||
| 082 |
_b20487 _a005.43 |
||
| 100 |
_aStallings Williams _93404 |
||
| 245 | _aOperating System:internals and design principles | ||
| 250 | _a7th ed. | ||
| 260 |
_bPearson _c2015 _aNoida |
||
| 300 | _a694 | ||
| 650 |
_aInformation Technology _9137 |
||
| 942 | _cBK | ||